Going to ground (Record no. 71949)

MARC details
000 -LEADER
fixed length control field 01034cam a2200205 4500
001 - CONTROL NUMBER
control field ABS66392
008 - FIXED-LENGTH DATA ELEMENTS--GENERAL INFORMATION
fixed length control field 030121n2003 000 0 eng u
035 ## - SYSTEM CONTROL NUMBER
System control number (Sirsi) u121088
100 ## - MAIN ENTRY--PERSONAL NAME
Personal name Fuller, K.
245 ## - TITLE STATEMENT
Title Going to ground
260 ## - PUBLICATION, DISTRIBUTION, ETC.
Date of publication, distribution, etc. 2003
490 ## - SERIES STATEMENT
Series statement Surveyor
Volume/sequential designation 190(5712) 16 January 2003, 12-14(3)
520 ## - SUMMARY, ETC.
Summary, etc. Explains the problem of how groundwater can cause the same effects as seasonal flooding in areas which are not close to rivers and streams. Concentrates on the problems mainly faced in Hampshire and highlights some of the solutions used to mitigate them, including the introduction of a 'flood defence plan' for the area. Concludes that as groundwater flooding is certain to happen, partnership working between all the interested parties has addressed a number of immediate concerns, improved liaison and preparedness, and introduced measures to lessen its impact.
590 ## - LOCAL NOTE (RLIN)
Local note ABS
650 ## - SUBJECT ADDED ENTRY--TOPICAL TERM
Topical term or geographic name entry element FLOODING
650 ## - SUBJECT ADDED ENTRY--TOPICAL TERM
Topical term or geographic name entry element GROUNDWATER
650 ## - SUBJECT ADDED ENTRY--TOPICAL TERM
Topical term or geographic name entry element FLOOD DEFENCES
690 ## - LOCAL SUBJECT ADDED ENTRY--TOPICAL TERM (OCLC, RLIN)
Topical term or geographic name as entry element Rural
9 (RLIN) 6268
942 ## - ADDED ENTRY ELEMENTS (KOHA)
Suppress in OPAC 0
Holdings
Withdrawn status Lost status Source of classification or shelving scheme Damaged status Not for loan Home library Current library Shelving location Date acquired Total Checkouts Full call number Barcode Date last seen Copy number Price effective from Koha item type
    Dewey Decimal Classification     London London Journal article 21/01/2003   ABS66392 121088-1001 06/08/2019 1 06/08/2019 Journal article